000 00447nam a2200181 a 4500
001 6897
003 CO-ViMGA
008 141112s2004 ck r 000 u spa d
040 _aCO-ViMGA
_bspa
_cCO-ViMGA
082 0 4 _a793.8 T768
100 1 _aTrouve, Jorge
_95899
245 1 0 _aVamos a hacer magia
260 _aBuenos Aires :
_bAlbatros,
_c199 -
300 _a104 p : il
490 _aTus maravillas
650 1 4 _aMAGIA
_95722
942 _2ddc
_cBK
999 _c18865
_d18865